Visa She's Next startuje poprvé v Česku. Cílem je podpořit podnikatelky

Tretina podnikateliek v Česku zakladá vlastné firmy, aby získala nezávislosť. Nedávny prieskum spoločnosti Visa v spolupráci s ČSOB odhaľuje, že ženy v podnikaní v ČR limituje rad prekážok. Z celkového počtu všetkých podnikajúcich osôb v ČR tvoria ženy iba tretinu. Práve preto tu teraz tieto spoločn...

Full description

Saved in:
Bibliographic Details
Format: Book Chapter
Language:Czech
Subjects:
Tags: Add Tag
No Tags, Be the first to tag this record!

MARC

LEADER 00000naa a2200000 4500
001 0304891
005 20241031111033.3
041 0 |a cze 
044 |a CZ 
245 1 0 |a Visa She's Next startuje poprvé v Česku. Cílem je podpořit podnikatelky 
520 |a Tretina podnikateliek v Česku zakladá vlastné firmy, aby získala nezávislosť. Nedávny prieskum spoločnosti Visa v spolupráci s ČSOB odhaľuje, že ženy v podnikaní v ČR limituje rad prekážok. Z celkového počtu všetkých podnikajúcich osôb v ČR tvoria ženy iba tretinu. Práve preto tu teraz tieto spoločnosti predstavujú projekt She's Next, ktorého poslaním je poskytnúť ženám podporu v rozvoji ich podnikania. Silnejšie zapojenie žien v tejto oblasti môže mať významné ekonomické prínosy. Visa sa usiluje o zvýšenie počtu žien, ktoré ovládajú kapitál, majú k tomuto kapitálu prístup, i žien, ktoré z neho môžu ťažiť ako zamestnankyne a zákazníčky. 
610 2 0 |a podnikatelia 
610 2 0 |a ženy 
610 2 0 |a podnikanie 
610 2 0 |a kapitál 
610 2 0 |a financie 
610 2 0 |a vzdelávanie 
610 2 0 |a projekty 
610 2 0 |a podnik malý 
610 2 0 |a podnik stredný 
610 2 0 |a Česko